| 000 | 00494nam a2200169 a 4500 | ||
|---|---|---|---|
| 005 | 20140412111306.0 | ||
| 008 | 010320s19uu xx 00 eng d | ||
| 020 | _a0-307-10025-1 | ||
| 050 |
_aER _bMi66 1991 |
||
| 100 | _aCalder, Lyn | ||
| 245 |
_aMinie 'N Me: the perfect bow / _cby Lyn Calder ; illustrated by Sue Shakespeare. |
||
| 260 |
_aNew York : _bA Golden Book, _c1991. |
||
| 300 | _a1 v. (unp.) ; ill. | ||
| 440 | _aMinnie N' Me | ||
| 650 | _aChildren's stories | ||
| 999 |
_c103698 _d103698 |
||